Speciální problémy metrologie

Guardado en:
Detalles Bibliográficos
Autor principal: Jareš, Jaromír
Otros Autores: Liberský, Václav, Tomášek, Karel
Formato: Libro
Lenguaje:checo
Publicado: Praha Institut pro výchovu vedoucích pracovníků MP ČSR 1983
Colección:Příručky specialisty sv. 6
Etiquetas: Agregar Etiqueta
Sin Etiquetas, Sea el primero en etiquetar este registro!

MARC

LEADER 00000nam a2200000 4500
001 c113777
005 20251110130339.0
041 0 |a cze 
044 |a CZ 
245 1 0 |a Speciální problémy metrologie  |c Jaromír Jareš, Václav Liberský, Karel Tomášek 
264 1 |a Praha  |b Institut pro výchovu vedoucích pracovníků MP ČSR  |c 1983 
300 |a 114 s. 
490 1 |a Příručky specialisty  |v sv. 6 
830 0 |a Příručky specialisty  |v sv. 6 
100 1 |a Jareš, Jaromír 
700 1 |a Liberský, Václav 
700 1 |a Tomášek, Karel